000 00458nam a22001697a 4500
003 NUST - PNEC
005 20170116181025.0
008 150917b xxu||||| |||| 00| 0 eng d
020 _a8126508337
040 _cLIBRARY
082 _a621.380422 PRA
100 _910787
_a Pratt, Timothy
245 _aSatellite communications
_cTimothy,Pratt,
250 _a2nd ed
650 _910788
_aArtificial satellites in telecommunication
_xGernal
942 _2ddc
_cBK
999 _c67532
_d67532